New 52 Characters Quiz Stats

Quiz not verified by Sporcle

Challenge
Share
Tweet
Score 0/52 Timer 10:00
0 Plays Today
% Correct
Batman
99.8%
Superman
98.1%
Wonder Woman
97.1%
The Flash
97%
Green Lantern (Hal Jordan)
96.5%
Aquaman
95.6%
Green Arrow
92.8%
Cyborg
89.2%
Robin (Damian Wayne)
87.2%
Batgirl
86.5%
Supergirl
85.5%
Joker
83%
Hawkman
82.7%
Harley Quinn
82.2%
Catwoman
82.1%
Martian Manhunter
80.2%
Nightwing
79.7%
Green Lantern (John Stewart)
79.5%
Shazam
78.3%
Green Lantern (Simon Baz)
77.7%
Superboy
77.6%
Sinestro
74.9%
Katana
74.7%
Deathstroke
74.4%
Firestorm
74.3%
Red Hood
73.8%
% Correct
Green Lantern (Kyle Rayner)
73.8%
Hawkgirl
73.7%
Professor Zoom
72.7%
Booster Gold
71.4%
Darkseid
71.4%
The Flash (Jay Garrick)
70.1%
Black Canary
69.8%
Starfire
69.7%
Green Lantern (Guy Gardner)
69.2%
Swamp Thing
69.2%
Blue Beetle
68.7%
Huntress
68.4%
Power Girl
67.3%
Batwoman
65.7%
Lex Luthor
64.1%
Constantine
63.3%
Red Robin
62.4%
Static
58.7%
Arsenal
57.6%
Batwing
52.2%
Vibe
51.6%
Amanda Waller
44.7%
Captain Atom
42.4%
Mr. Terrific
42.4%
Animal Man
41.6%
Lobo
38.3%

You're not logged in!

Compare scores with friends on all Sporcle quizzes.
Sign Up with Email
OR
Log In

You Might Also Like...

Show Comments

Extras

Curator's Pick Sep 5, 2016ReportNominate
Tags:DC Comics Quiz, Superhero Quiz

Top Quizzes Today


Score Distribution

Your Account Isn't Verified!

In order to create a playlist on Sporcle, you need to verify the email address you used during registration. Go to your Sporcle Settings to finish the process.

Report this User

Report this user for behavior that violates our Community Guidelines.

Details: